000 004970000a22001690004500
003 LK-CoMWRAF
008 230817t ||||| |||| 00| 0 eng d
020 _a9559110012
040 _aLK-CoMWRAF
_dLK-CoMWRAF
_eLK-CoMWRAF
041 _aeng
082 _a261
_bJAL
100 _aJaldeen, M.S.
245 _aThe Muslim Law of Succession Inheritance & Waqf in Sri Lanka
_b
260 _bFederation of Assemblies of Muslim Youth in Sri Lanka (FAMYS)
_aSri Lanka
_c1993
300 _ap.489
942 _cBK
999 _c1082
_d1082